Statistics for Countries bordered with one country

Click here to take the quiz!

General Stats

  • This quiz has been taken 28 times
    (17 since last reset)
  • The average score is 15 of 17

Answer Stats

Answer% Correct
Denmark
100%
South Korea
100%
Dominican Republic
94%
Haiti
94%
Ireland
94%
Lesotho
94%
United Kingdom
94%
Brunei
88%
East Timor
88%
Papua New Guinea /PNG
88%
San Marino
88%
Vatican City
88%
Gambia
81%
Monaco
81%
Portugal
81%
Canada
75%
Qatar
75%

Score Distribution

Percentile by Number Answered

Percent of People with Each Score

Your Score History

You have not taken this quiz since the last reset